| 000 | 00457nam a2200169Ia 4500 | ||
|---|---|---|---|
| 999 |
_c11902 _d11902 |
||
| 003 | OSt | ||
| 005 | 20201027101006.0 | ||
| 008 | 190216s9999||||xx |||||||||||||| ||und|| | ||
| 020 | _a9788184974492 | ||
| 040 | _coclc | ||
| 082 |
_a823.7 _bSCO/I |
||
| 100 |
_aScott, Walter _94701 |
||
| 245 | 0 |
_aIvanhoe / _cWalter Scott |
|
| 260 |
_bBPI India , _c1977. _aNew Delhi: |
||
| 300 | _a231p | ||
| 942 |
_cBK _2ddc _h823.7 _iSCO/I _k823.7 _mSCO/I |
||